Primer Congreso Constituyente / (Record no. 8149)

000 -CABECERA
fixed length control field 01521nam a22002537a 4500
003 - IDENTIFICADOR DEL NÚMERO DE CONTROL
control field AR-CdUCM
008 - DATOS DE LONGITUD FIJA--INFORMACIÓN GENERAL
fixed length control field 190322b ||||| |||| 00| 0 spa d
040 ## - FUENTE DE LA CATALOGACIÓN
Agencia/entidad que catalogó originalmente la obra MUNICIPALIDAD PROVINCIAL DEL CUSCO
Entidad que transcribió la catalogación BIBLIOTECA MUNICIPAL DEL CUSCO
082 ## - NÚMERO DE LA CLASIFICACIÓN DECIMAL DEWEY
No. de Clasificación 985.008 /
Notacion interna C75
100 ## - ENTRADA PRINCIPAL--NOMBRE DE PERSONA
Nombre Personal Comisión Nacional del Sesquicentenario de la Independencia del Perú
245 ## - MENCIÓN DE TÍTULO
Título Primer Congreso Constituyente /
260 ## - PUBLICACIÓN, DISTRIBUCIÓN, ETC.
Lugar de publicación, distribución, etc. Lima :
Nombre de la editorial, distribuidor, etc. Comisión Nacional del Sesquicentenario de la Independencia del Perú,
Fecha de publicación, distribución, etc. 1973.
300 ## - DESCRIPCIÓN FÍSICA
Nº de Páginas Extensión 3 volúmenes ;
Dimensiones 24 cm.
440 ## - MENCIÓN DE SERIE/PUNTO DE ACCESO ADICIONAL--TÍTULO
Título Colección Documental de la Independencia del Perú
9 (RLIN) 21841
505 ## - NOTA DE CONTENIDO CON FORMATO
Nota de contenido formateada Contenido: V.1 - V.2 : Convocatoria y elección del Congreso Constituyente -- Actas de elecciones. Poderes -- Instalación del Congreso Disps., Comisiones -- Actas de las sesiones públicas -- V.3: El congreso constituyente anuncia su instalación y declara que la soberanía de la nacion y su ejercito en el congreso - Comunicación anunciando la instalación del congreso constituyente -- Comunicación de San Martín dimitiendo ante el congreso constituyente el mando supremo de la nacion - Palabras del presidente Torre Tagle al jurar ante el congreso la constitución del estado...
650 ## - PUNTO DE ACCESO ADICIONAL DE MATERIA--TÉRMINO DE MATERIA
Descriptor Perú
9 (RLIN) 35
650 ## - PUNTO DE ACCESO ADICIONAL DE MATERIA--TÉRMINO DE MATERIA
Descriptor Congreso constituyente
9 (RLIN) 22999
650 ## - PUNTO DE ACCESO ADICIONAL DE MATERIA--TÉRMINO DE MATERIA
Descriptor Independencia
9 (RLIN) 625
650 ## - PUNTO DE ACCESO ADICIONAL DE MATERIA--TÉRMINO DE MATERIA
Descriptor Perú colecciones
9 (RLIN) 21842
700 ## - PUNTO DE ACCESO ADICIONAL--NOMBRE DE PERSONA
Nombre Personal Pons Muzzo, Gustavo (edición y prologo)
9 (RLIN) 23000
700 ## - PUNTO DE ACCESO ADICIONAL--NOMBRE DE PERSONA
Nombre Personal Tauro, Alberto (edición y prologo)
9 (RLIN) 23001
942 ## - ELEMENTOS DE PUNTO DE ACCESO ADICIONAL (KOHA)
Fuente de clasificación
Tipo de item Libros-BMC
945 ## - PROCESAMIENTO DE INFORMACIÓN LOCAL (OCLC)
Catalogador davv
Holdings
Estado de retiro (separado) Fuente de clasificación o esquema de estanterías Estado dañado Ubicación Sala donde se ubica Nombre de la colección Fecha de adquisición o compra Costo, precio normal en soles Signatura topográfica Código de Barras Última vez visto (Koha) Tipo de ítem (Koha) Número de Ejemplar
No     Sala Humanidades Sala Humanidades Reference 2019-03-22 100.00 985.008 / C75 / t.15 / v.1 SH0000008900 2019-03-22 Libros-BMC  
No     Sala Humanidades Sala Humanidades Reference 2019-03-22 100.00 985.008 / C75 / t.15 / v.2 SH0000008901 2019-03-22 Libros-BMC  
No     Sala Humanidades Sala Humanidades Reference 2019-03-22 100.00 985.008 / C75 / t.15 / v.3 SH0000008902 2019-03-22 Libros-BMC  
No     Sala Humanidades Sala Humanidades Reference 2019-03-22 100.00 985.008 / C75 / t.15 / v.3 / e.2 SH0000008903 2019-03-22 Libros-BMC e.2
No     Sala Humanidades Sala Humanidades Reference 2019-03-22 100.00 985.008 / C75 / t.15 / v.3 / e.3 SH0000008904 2019-03-22 Libros-BMC e.3
No     Sala Humanidades Sala Humanidades Reference 2019-03-22 100.00 985.008 / C75 / t.15 / v.2 / e.2 SH0000008905 2019-03-22 Libros-BMC e.2
No     Sala Humanidades Sala Humanidades Reference 2019-03-22 100.00 985.008 / C75 / t.15 / v.2 / e.3 SH0000008906 2019-03-22 Libros-BMC e.3
No     Sala Humanidades Sala Humanidades Reference 2019-03-22 100.00 985.008 / C75 / t.15 / v.1 / e.2 SH0000008907 2019-03-22 Libros-BMC e.2
No     Sala Humanidades Sala Humanidades Reference 2019-03-22 100.00 985.008 / C75 / t.15 / v.1 / e.3 SH0000008908 2019-03-22 Libros-BMC e.3

Powered by Koha